Systémové debnenie NOE

Bibliographic Details
Main Author: Vrana, Pavel (Author)
Format: Article
Language:Slovak
ISBN:8022713856

MARC

LEADER 00000naa a2200000uu 4500
001 vtls010938468
003 SK-MaSNL
005 20260302120556.0
008 210902|2000 xo |||||||||||||||||slo|
015 |a SNBRA 
035 |a (urnnbn)urn:nbn:sk:snk:ar-a0b9q9 
035 |a (uuid)996a8f68-76bf-4c06-8efd-54ccfe409899 
035 |a urn:nbn:sk:snk-aau220 
040 |a SNKBUCL  |b slo  |c SNKBUCL  |e AACR2 
041 0 |a slo 
044 |a xo  |c SK 
100 1 |a Vrana, Pavel  |4 aut  |9 276590 
245 1 0 |a Systémové debnenie NOE  |c Pavel Vrana 
773 0 |t Betonárske dni 2000  |d Bratislava : Slovenská technická univerzita, 2000  |g S. [465]-[475]  |z 8022713856 
958 |a OND 
958 |a article11 
958 |a chapter 
999 |c 1270113  |d 1272043